1965 1663 1611 1758 1745 1654 1901 1963 1387 1096 1553 1566 1024 1839 1238 1012 1635 1437 1493 1989 1362 1933 1797 1862 1477 1106 1740 1462 1469 1162 1094 1910 1851 1975 1542 1582 1604 1166 1409 1585 1988 1916 1363 1490 1678 1540 1827 1501 1796 1021 1437 1241 1116 1442 1437 1411 1718 1151 1703 1915 1294 1153 1903 1799 1128 1036 1422 1606 1686 1064 1074 1547 1801 1875 1339 1885 1243 1754 1692 1845 1371 1384 1158 1333 1038 1967 1872 1907 1211 1176 1570 1183 1099 1960 1489 1610 1685 1655 1986 BCNSPRNW ULIB Ver.6.0+V

เปลี่ยนเป็นภาษาไทย

Change to English
 แสดงรายละเอียดบรรณานุกรม
  กลับหน้าหลัก

Brief Record : Get Marc (ISO 2709) : E-mail record : QR code < ปิดหน้าต่าง
LEADER : 00000nam 2200000uu 4500
001    13399123536
003     ULIB
008    141005s2555||||th 000 0 tha d
020    9786167375434
060 04 WO500^bค695
245 00 คู่มือหัตถการทางวิสัญญี =^bHandbook of anestheticprocedures /^c[บรรณาธิการ] วิรัตน์ วศินวงศ์
246 31 Handbook of anesthetic procedures
250    พิมพ์ครั้งที่ 2
260    สงขลา :^bชานเมืองการพิมพ์,^c2555
300    223 หน้า :^bภาพประกอบ ;^c22 ซม.
650  4 หัตถการทางการแพทย์
650  4 วิสัญญีวิทยา
700 0  วิรัตน์ วศินวงศ์,^eบรรณาธิการ
945    ^p220^l0^i21021
945    ^p220^l0^i21022
945    ^p220^l0^i21023
945    ^p220^l0^i21024
945    ^p220^l0^i21025
995    ทศพร
999 ^a ใช้งานได้ทุกระบบ
รายการนี้ยังไม่มีแท็ก
คุณยังไม่ได้ล็อกอิน คุณสามารถมีกิจกรรมร่วมกับเว็บไซต์ได้ แต่ต้องล็อกอินก่อน ::
  ล็อกอิน

รายการสื่อสารสนเทศ

ลำดับที่ ประเภท เลขเรียก/บาร์โค้ด สถานที่ สถานะ
1. วิทยาศาสตร์การแพทย์ และสุขภาพ
วิทยาศาสตร์การแพทย์ และสุขภาพ
สถานะ=หนังสือเก่า
WO500 ค695 ฉ.1 
  Barcode: 21021
ห้องสมุดวิทยาเขตนครสวรรค์
►ส่วนจัดเก็บหนังสือเก่า นว.
บนชั้น
  ขอยืม
2. วิทยาศาสตร์การแพทย์ และสุขภาพ
วิทยาศาสตร์การแพทย์ และสุขภาพ
สถานะ=หนังสือเก่า
WO500 ค695 ฉ.2 
  Barcode: 21022
ห้องสมุดวิทยาเขตนครสวรรค์
►ส่วนจัดเก็บหนังสือเก่า นว.
บนชั้น
  ขอยืม
3. วิทยาศาสตร์การแพทย์ และสุขภาพ
วิทยาศาสตร์การแพทย์ และสุขภาพ
สถานะ=หนังสือเก่า
WO500 ค695 ฉ.3 
  Barcode: 21023
ห้องสมุดวิทยาเขตนครสวรรค์
►ส่วนจัดเก็บหนังสือเก่า นว.
บนชั้น
  ขอยืม
4. วิทยาศาสตร์การแพทย์ และสุขภาพ
วิทยาศาสตร์การแพทย์ และสุขภาพ
สถานะ=หนังสือเก่า
WO500 ค695 ฉ.4 
  Barcode: 21024
ห้องสมุดวิทยาเขตนครสวรรค์
►ส่วนจัดเก็บหนังสือเก่า นว.
บนชั้น
  ขอยืม
5. วิทยาศาสตร์การแพทย์ และสุขภาพ
วิทยาศาสตร์การแพทย์ และสุขภาพ
สถานะ=หนังสือเก่า
WO500 ค695 ฉ.5 
  Barcode: 21025
ห้องสมุดวิทยาเขตนครสวรรค์
►ส่วนจัดเก็บหนังสือเก่า นว.
บนชั้น
  ขอยืม

รายการใกล้เคียง
    หัวเรื่อง [หัตถการทางการแพทย์]
    หัวเรื่อง [วิสัญญีวิทยา]

BibComment


ยังไม่เคยถูกคอมเมนท์

คอมเมนท์ทรัพยากรรายการนี้
  คอมเมนท์: คู่มือหัตถการทางว..


 Copyright 2026. Bcnsprnw @Library